| 000 | 00511nam a2200205Ia 4500 | ||
|---|---|---|---|
| 003 | OSt | ||
| 005 | 20230509090508.0 | ||
| 008 | 210423s2007 xx 000 0 und d | ||
| 040 | _cAL | ||
| 041 | _aeng | ||
| 082 | _a574.88 LODH | ||
| 100 |
_aLODISH (Harvey);others. _9100161 |
||
| 245 | _aMolecular cell biology. | ||
| 250 | _a6 | ||
| 260 |
_aNew York _bW H Freeman & Co. _c2007 |
||
| 300 |
_axxxix,1084,G17,I36 _bHB |
||
| 365 |
_b4257 _cINR |
||
| 906 | _abiology. ; cell ; Molecular | ||
| 942 |
_2ddc _cBK |
||
| 999 |
_c163484 _d163484 |
||